Kitchen sink adjudications (Record no. 75622)
[ view plain ]
| 000 -LEADER | |
|---|---|
| fixed length control field | 01181cab a2200205 4500 |
| 001 - CONTROL NUMBER | |
| control field | L130443 |
| 008 - FIXED-LENGTH DATA ELEMENTS--GENERAL INFORMATION | |
| fixed length control field | 050728n2005 000 0 eng u |
| 035 ## - SYSTEM CONTROL NUMBER | |
| System control number | (Sirsi) u130443 |
| 041 ## - LANGUAGE CODE | |
| Language code of text/sound track or separate title | eng |
| 100 ## - MAIN ENTRY--PERSONAL NAME | |
| Personal name | Constable, Adam |
| 245 ## - TITLE STATEMENT | |
| Title | Kitchen sink adjudications |
| 260 ## - PUBLICATION, DISTRIBUTION, ETC. | |
| Date of publication, distribution, etc. | 2005 |
| 490 ## - SERIES STATEMENT | |
| Series statement | New Law Journal |
| Volume/sequential designation | 155(7185) 15 July 2005, 1072-1073(2) |
| 520 ## - SUMMARY, ETC. | |
| Summary, etc. | Discusses the case, "William Verry (Glazing Systems) Ltd v Furlong Homes Ltd" (L130436). The case involved an adjudication into a dispute over extension of time. Verry had submitted a claim in writing but had changed the date slightly. F argued that this was a new claim but the court decided that it was a refinement or enhancement of their original claim. Even if the extension of time claim was a new one, it formed part of the dispute which was referred by F and V were entitled to rely upon it in an adjudication. |
| 590 ## - LOCAL NOTE (RLIN) | |
| Local note | IKA020805 |
| 650 ## - SUBJECT ADDED ENTRY--TOPICAL TERM | |
| Topical term or geographic name entry element | WILLAIM VERRY LTD V FURLONG HOMES LTD |
| 650 ## - SUBJECT ADDED ENTRY--TOPICAL TERM | |
| Topical term or geographic name entry element | EDMUND NUTTALL LTD V R G CARTER LTD |
| 690 ## - LOCAL SUBJECT ADDED ENTRY--TOPICAL TERM (OCLC, RLIN) | |
| Topical term or geographic name as entry element | MANAGEMENT-DISPUTE AVOIDANCE, MANAGEMENT AND RESOLUTION-DISPUTE MANAGEMENT AND RESOLUTION-ALTERNATIVE DISPUTE RESOLUTION-ADJUDICATION |
| 942 ## - ADDED ENTRY ELEMENTS (KOHA) | |
| Suppress in OPAC | 0 |
| Withdrawn status | Lost status | Source of classification or shelving scheme | Damaged status | Not for loan | Home library | Current library | Shelving location | Date acquired | Total Checkouts | Full call number | Barcode | Date last seen | Copy number | Price effective from | Koha item type |
|---|---|---|---|---|---|---|---|---|---|---|---|---|---|---|---|
| Dewey Decimal Classification | London | London | Journal article | 28/07/2005 | L130443 | 130443-1001 | 06/08/2019 | 1 | 06/08/2019 | Journal article |